01450cam a2200337 a 4500001001400000003000800014005001700022006001900039007001500058008004100073020003800114040003000152049002600182050002200208082001600230100001800246245013000264260002800394300003400422504005100456520028700507521001700794588004700811650002900858655002900887710001600916776003500932856011000967942001601077999001901093EDZ0000072129StDuBDS20161031105140.0m||||||||d||||||||cr |||||||||||120412s2006 enk fo| 001|0|eng d a9781446213292 (ebook) :cNo price aStDuBDSbengcStDuBDSepn aAlfaisal Main Library 0aLC1090b.H33 200604a370.1162231 aHayden, Mary.10aIntroduction to international educationh[electronic resource] :binternational schools and their communities /cMary Hayden. aLondon :bSAGE,cc2006. a1 online resource (x, 190 p.) aIncludes bibliographical references and index.8 aInterest in the field of international education has never been more intense, and a rapidly expanding number of schools and organisations worldwide now offer curricula that claim to be international in nature. This comprehensive guide examines the key themes of this evolving field. aSpecialized. aDescription based on print version record. 0aInternational education. 7aElectronic books.2local2 aSage eBooks08iPrint version :z978141292000140uhttp://ezproxy.alfaisal.edu/login?url=http://sk.sagepub.com/books/introduction-to-international-education 2lcccEBOOKS c480367d480367